| 000 | 00568nam a22001937a 4500 | ||
|---|---|---|---|
| 003 | OSt | ||
| 005 | 20250524144355.0 | ||
| 008 | 250515b |||||||| |||| 00| 0 eng d | ||
| 020 | _a9789394525825 | ||
| 040 | _cddc | ||
| 082 | _a363.25 R4 | ||
| 100 | _aVrushali Panhale | ||
| 245 |
_aInvestigations Simplified Can You Stop it? _cVrushali Panhale; Shruti Nair; Prachita Walankar |
||
| 250 | _a1st | ||
| 260 |
_aNew Delhi _bCBS Publishers and Distributors Pvt. Ltd _c2024 |
||
| 650 |
_vPhysiotherapy _xInvestigations Simplified |
||
| 942 |
_cBK _2ddc |
||
| 999 |
_c249124 _d249124 |
||